000 00506nam a2200217Ia 4500
008 210210b2008 xxu||||| |||| 00| 0 eng d
020 _a81 7446 265 1
041 _aeng
082 _a657 BALA
100 _aBALWANI (Nitin)
245 _aAccounting and finance for managers
260 _aNew Delhi
_bExcel Books
_c2008
300 _axiv---608
650 _amanagers
650 _afor
650 _afinance
650 _aand
650 _aAccounting
690 _aAccountancy
906 _a063263
999 _c135497
_d135497